English language and learning : a beginner's guide

Bibliographic Details
Main Author: Powers, Alice
Format: Book
Published: USA : Clanrye International , 2023
Subjects:

MARC

LEADER 00000cam a2200000 7i4500
001 0000090369
005 20230125112507.0
008 221108
020 |a 9781647290964 
041 0 |a English 
090 0 0 |a 372.6   |b POW 
100 1 |a Powers, Alice 
245 1 0 |a English language and learning :   |b a beginner's guide   |c Alice Powers 
260 |a USA :   |b Clanrye International ,   |c 2023 
300 |a 241 p. :   |b ill. col. ;   |c 26.5 cm. 
500 |a Includes bibliographical references and index 
541 |c Purchased on 2022   |f PI1244 PUI   |h RM358.15 
650 0 |a English language 
650 0 |a English language   |x Study and teaching 
730 0 |a Title 
999 |a 0001695772   |b Book   |c REFERENCE   |e Perbadanan Perpustakaan Awam Johor 
999 |a 0001695773   |b Book   |c REFERENCE   |e Cawangan Urban Transformation Centre 
999 |a 0001695774   |b Book   |c REFERENCE   |e Cawangan AEON Kulaijaya 
999 |a 0001695775   |b Book   |c REFERENCE   |e Cawangan Mersing 
999 |a 0001695776   |b Book   |c REFERENCE   |e Cawangan Segamat 
999 |a 0001695777   |b Book   |c REFERENCE   |e Cawangan Muar 
999 |a 0001695778   |b Book   |c REFERENCE   |e Cawangan Sri Merlong 
999 |a 0001695779   |b Book   |c REFERENCE   |e Cawangan Batu Pahat 
999 |a 0001695780   |b Book   |c REFERENCE   |e Cawangan Tmn. Ungku Tun Aminah 
999 |a 0001695781   |b Book   |c REFERENCE   |e Cawangan Kota Tinggi 
999 |a 0001695782   |b Book   |c REFERENCE   |e Cawangan Bandar Penawar 
999 |a 0001695783   |b Book   |c REFERENCE   |e Cawangan Pontian 
999 |a 0001695784   |b Book   |c REFERENCE   |e Cawangan Tangkak 
999 |a 0001695785   |b Book   |c REFERENCE   |e Cawangan Bandar Tenggara 
999 |a 0001695786   |b Book   |c REFERENCE   |e Cawangan Bukit Gambir 
999 |a 0001695787   |b Book   |c REFERENCE   |e Cawangan Taman Sri Lambak